000 00526nam a2200217Ia 4500
003 OSt
005 20221005133008.0
006 a|||||r|||| 00| 0
007 ta
008 221004b |||||||| |||| 00| 0 snd d
024 _a6937
037 _cTextual
040 _aCRL
_cCRL
_bsnd
041 _2snd
_asnd
082 _aV2y7M83, 1593L0
100 _aManghandas
_9641915
245 0 _aVeer Savarkar
260 _c1970
942 _hV2y7M83, 1593L0
_cTEXL
_2cc
999 _c1065414
_d1065414